Ohodnocovanie duševného vlastníctva

Salvato in:
Dettagli Bibliografici
Autore principale: Matušovič, Martin
Ente Autore: Ekonomická univerzita v Bratislave
Altri autori: Majtán, Štefan, Babiaková, Barbora
Natura: Libro
Lingua:slovacco
Pubblicazione: Šoporňa Ľuboš Janica 2009
Soggetti:
Tags: Aggiungi Tag
Nessun Tag, puoi essere il primo ad aggiungerne!!

MARC

LEADER 00000nam a2200000 4500
001 0119891
005 20240605112641.2
020 |a 978-80-970306-7-4 
041 0 |a slo 
044 |a SK 
245 1 0 |a Ohodnocovanie duševného vlastníctva  |c Martin Matušovič 
264 1 |a Šoporňa  |b Ľuboš Janica  |c 2009 
300 |a 173 s. [8,65 AH] 
610 2 0 |a vlastníctvo duševné 
610 2 0 |a právo autorské 
610 2 0 |a právo priemyselné 
610 2 0 |a ochrana práv priemyselných 
100 1 |a Matušovič, Martin 
700 1 |a Majtán, Štefan 
700 1 |a Babiaková, Barbora 
710 2 |a Ekonomická univerzita v Bratislave